00790nam a2200181 a 450000100100000000500170001000800410002704000250006808200140009310000360010724500780014326000380022130000210025950001230028004900090040395201790041299900170059100003263220200930065739.0110725s1954 cu 000 0 spa d aDO-SdBNPbspacBNPHU axxxbJ61s1 aJimenes Grullón, J. I.95278910aSeis poetas cubanos :bensayos apologeticos /cJ. I. Jiménes Grullón. aLa Habana, Cuba :bCromos,c1954. a169 p. ;c20 cm. aRegino E. Boli, María Luisa Milanés, Manuel Navarro Luna, Nicolas Guillén, Dulce María Loynaz, Eugenio Florit. aBNPD 001050718RVaPDbPDcCTd2011-07-25iLF1l0oxxx J61sp32632-10r2020-06-25w2020-06-25y1zPerteneció a la biblioteca personal de Carlos Larrazabal BlancoZNo se presta c32123d32123